Program výchovno-vzdelávacej činnosti v študijného odboru NHP

Saved in:
Bibliographic Details
Main Author: France, Karol
Corporate Author: Vysoká škola ekonomická v Bratislave. Národohospodárska fakulta
Format: Book
Language:Slovak
Published: Bratislava VŠE 1982
Tags: Add Tag
No Tags, Be the first to tag this record!

MARC

LEADER 00000nam a2200000 4500
001 c129639
005 20190107123610.8
041 0 |a slo 
044 |a SK 
245 1 0 |a Program výchovno-vzdelávacej činnosti v študijného odboru NHP  |c Karol France 
264 1 |a Bratislava  |b VŠE  |c 1982 
300 |a 178 s. 
100 1 |a France, Karol 
710 2 |a Vysoká škola ekonomická v Bratislave. Národohospodárska fakulta